| 000 | 01564nas a2200409 i 4500 | ||
|---|---|---|---|
| 001 | 2016247455 | ||
| 005 | 20240305165654.0 | ||
| 006 | m o d | ||
| 007 | cr un ---uuuua | ||
| 008 | 160107c20159999cauar o 0 0eng d | ||
| 010 | _a 2016247455 | ||
| 035 | _a38717 | ||
| 040 |
_aUtOrBLW _beng _erda _cUtOrBLW |
||
| 042 | _apcc | ||
| 043 | _an-us--- | ||
| 050 | 4 |
_aKF3467 _b.L58 |
|
| 082 | 0 | 4 |
_a344.73014133 _223 |
| 245 | 0 | 0 | _aLitigating sexual harassment & sex discrimination cases. |
| 246 | 1 | _aLitigating sexual harassment and sex discrimination cases | |
| 264 | 1 |
_aCosta Mesa, CA : _bJames Publishing, _c[2015]- |
|
| 300 | _a1 online resource (volumes) | ||
| 310 | _aAnnual | ||
| 336 |
_atext _btxt _2rdacontent |
||
| 337 |
_acomputer _bc _2rdamedia |
||
| 338 |
_aonline resource _bcr _2rdacarrier |
||
| 362 | 1 | _aBegan with Revision 18, 11/2015. | |
| 500 | _aAuthor: Aaron B. Maduff. | ||
| 500 | _aIncludes index. | ||
| 588 | _aDescription based on: Revision 18, 11/2015; title from title page. | ||
| 588 | _aLatest issue consulted: Revision 18, 11/2015. | ||
| 650 | 0 |
_aSexual harassment _xLaw and legislation _zUnited States _xTrial practice. |
|
| 650 | 0 |
_aSex discrimination in employment _xLaw and legislation _zUnited States _xTrial practice. |
|
| 700 | 1 |
_aMaduff, Aaron B., _eauthor. |
|
| 780 | 0 | 0 |
_aHubbard, Elizabeth, 1949- _tLitigating sexual harassment & sex discrimination cases. _bRev. 17, 7/14. _dCosta Mesa, CA : James Pub., [2014] _w(OCoLC)898080423 |
| 856 | 4 | 0 | _uhttps://app.vlex.com/#/sources/38717 |
| 942 | _cRAA | ||
| 999 |
_c173020 _d173020 |
||